000 01444cam a2200361 a 4500
001 3102
003 FISKH
005 20251023124930.0
008 111021s2012 nyua b 001 0 eng
010 _a 2011044096
020 _a9781596434875 (hc)
020 _a9780545595971
040 _aDLC
_cDLC
_dDLC
_beng
042 _apcc
043 _an-us---
_ae-gx---
_ae-su---
_ae-no---
050 0 0 _aUG1282.A8
_bS235 2012
082 0 0 _a623.4/5119
_223
100 1 _aSheinkin, Steve.
245 1 0 _aBomb :
_bthe race to build and steal the world's most dangerous weapon /
_cSteve Sheinkin.
246 3 0 _aRace to build and steal the world's most dangerous weapon
250 _aFirst Scholastic printing, September 2013
260 _aNew York :
_bScholastic,
_c2012
300 _a266 pages :
_billustrations ;
_c24 cm
520 _aRecounts the scientific discoveries that enabled atom splitting, the military intelligence operations that occurred in rival countries, and the work of brilliant scientists hidden at Los Alamos.
650 0 _aAtomic bomb
_xHistory.
650 0 _aWorld War, 1939-1945
_xSecret service
_zSoviet Union.
650 0 _aWorld War, 1939-1945
_xSecret service
_zGreat Britain.
650 0 _aWorld War, 1939-1945
_xCommando operations
_zNorway
_zVemork.
650 0 _aOperation Freshman, 1942.
650 0 _aAtomic bomb
_zGermany
_xHistory.
906 _a7
_bcbc
_corignew
_d1
_eecip
_f20
_gy-gencatlg
942 _2ddc
_cBK
_n0
999 _c3102
_d3102